| 000 | 00000cas 2200000zi 4500 |
| 001 | 9.937797 |
| 003 | CaOODSP |
| 005 | 20260602150203 |
| 006 | m o d f |
| 007 | cr cn |||||||| |
| 008 | 240506c20179999oncar p o f0###a0eng|d |
| 022 | |a3111-1858 |
| 040 | |aCaOODSP|beng|erda|cCaOODSP |
| 043 | |an-cn--- |
| 086 | 1 |aR101-12E-PDF|zR101-13-PDF |
| 110 | 2 |aCanadian High Arctic Research Station.|eauthor, |eissuing body. |
| 222 | 0|aAnnual report on the Access to Information Act |b(Canadian High Arctic Research Station) |
| 245 | 10|a... annual report on the Access to Information Act / |cCanadian High Arctic Research Station. |
| 246 | 3 |iSome issues have title : |aAnnex A - ... annual report on the Access to Information Act |
| 264 | 1|aOttawa, Ontario : |bPolar Knowledge Canada, |c[2017]- |
| 310 | |aAnnual |
| 336 | |atext|btxt|2rdacontent |
| 337 | |acomputer|bc|2rdamedia |
| 338 | |aonline resource|bcr|2rdacarrier |
| 362 | 1 |aBegan with: 2016/2017. |
| 500 | |aIssued also in French under title: Rapport annuel de … sur la Loi sur l'accès à l'information. |
| 515 | |aReport year ends March 31. |
| 515 | |aSome issues are available in HTML format only. |
| 588 | |aDescription based on: 2016/2017; title from PDF cover page. |
| 588 | |aLatest issue consulted: 2021/2022. |
| 610 | 20|aCanadian High Arctic Research Station|vPeriodicals. |
| 610 | 20|aPolar Knowledge Canada|vPeriodicals. |
| 610 | 10|aCanada. |tAccess to Information Act|vPeriodicals. |
| 650 | 0|aGovernment information|zCanada|vPeriodicals. |
| 650 | 0|aFreedom of information|zCanada|vPeriodicals. |
| 655 | 7|aPeriodicals|2lcgft |
| 710 | 2 |aPolar Knowledge Canada, |eissuing body. |
| 775 | 08|tRapport annuel de … sur la Loi sur l'accès à l’information ... / |w(CaOODSP)9.937804 |
| 856 | 4 |qHTML|sN/A|uhttps://www.canada.ca/en/polar-knowledge/proactivedisclosure.html |